| 000 | 00839cab a22002175a 4500 | ||
|---|---|---|---|
| 001 | L159229 | ||
| 008 | 130102e2016 xxk 000 0 eng d | ||
| 035 | _a(Sirsi) u159229 | ||
| 041 | 0 | _aeng | |
| 050 | _a627.4 | ||
| 100 | 1 | _aCronin, Ben | |
| 245 | 0 | 0 |
_aSoft water solution _bHow soft engineering kept the Yorkshire town of Pickering flood free this winter |
| 260 | _c2016 | ||
| 490 |
_aNew Civil Engineer _vApril 2016, 72-76(5) |
||
| 520 | _aIntroduces the collaborative project of the flood defence scheme in Pickering which involved a catchment management approach incorporating a combination of soft and hard engineering measures. | ||
| 650 | 2 | 4 | _aFLOOD DEFENCES |
| 650 | 2 | 4 | _aENVIRONMENTAL AGENCY |
| 651 | 4 |
_aUnited Kingdom _y |
|
| 690 | _aENVIRONMENTAL AND LAND CONSULTANCY-WATER RESOURCE MANAGEMENT-FLOODING | ||
| 942 | _n0 | ||
| 999 |
_c84840 _d84840 |
||